000 01251nam a2200325 a 4500
001 000114478
003 CHAP
005 20220329144443.0
008 180201s2017 mx a fsm |||||||spa d
010 _a110939
011 _a111911
040 _cCHAP
090 _aTesis
100 1 _aHerrera Saucedo, Ma. de los Angeles
_9134571
245 1 0 _aInhibición del crecimiento de Fusarium oxysporum con extractos de Argemone mexicana L. (Chicalote) /
_h[En línea]
_cpor Ma. de los Angeles Herrera Saucedo.
260 _aChapingo, Méx. :
_bEl autor,
_c2017.
500 _aPara ver el contenido del material haga clic en la liga
502 _aTesis (Agr. en Horticultura Protegida) -- UACH. Departamento de Fitotecnia
590 _aBATCH-UPD
_b05
_c20180202
_lUCH01
_h1138
590 _aE11695DGD
_b10
_c20180206
_lUCH01
_h0856
590 _aE8697GMM
_b05
_c20180201
_lUCH01
_h1242
590 _aE8697GMM
_b05
_c20180201
_lUCH01
_h1244
590 _aE8697GMM
_b05
_c20180202
_lUCH01
_h1137
650 1 4 _aAceites esenciales
_xEfecto en hongos fitopatógenos.
_9131844
650 1 4 _aArgemone mexicana como fungicida.
_9134570
856 _aFinding aid
_uhttp://10.13.5.2/tesis/sist114478.pdf
_zTeclea aquí
901 _aBK
942 _cTESIS
942 _n0
999 _c110939
_d110939